000 00648nam a2200229Ia 4500
003 BUBTL
008 151213s9999 xx 000 0 und d
020 _a5822387277
082 _a428.24/ L5166c/ 1994
100 _aLeech, Geoffrey
_94796
245 _aA communicative grammar of English :
_cGeoffrey Leech & Jan Svartvik
250 _a2nd
260 _aLondon
_bLongman
_cc1994
300 _a[xiv],423p. :
_b22 cm
500 _aIncludes Index
650 _a English Language
_94797
650 _a
700 _aGeoffrey Leech & Jan Svartvik
_94798
856 _k0
_l0
_yDownload
942 _2ddc
_cBK
999 _c966
_d966